| 000 | 01441nam a2200361 a 4500 | ||
|---|---|---|---|
| 003 | BLK | ||
| 005 | 20230719115748.0 | ||
| 008 | 180409b bul|||||r ||||||| ||bul|| | ||
| 010 | _aKNG00124077000 | ||
| 040 | _aBLK | ||
| 041 |
_aBUL _cBUL |
||
| 080 |
_aМузиканти-творци, композитори _b78.071.1 _x(092) _z78.071.1(092) |
||
| 080 |
_aБиографии _b929 _x(100) _z929(100) |
||
| 100 | 1 |
_aПражак, Пржемисъл _eпърви автор _9112787 |
|
| 139 |
_aПражак, Пржемисъл _bП 84 |
||
| 245 | 1 | 0 |
_aМалки прелюдии _bРазкази за композитори : За юноши _cПржемисъл Пражак; прев. от чеш. Мария Кюркчиева. |
| 257 | _aCSK | ||
| 260 |
_bМузика _c1989 _aСофия |
||
| 300 |
_a156 с. _bс ил. _c20 см |
||
| 380 | _a7 | ||
| 500 | _aОриг. загл. Mala preludia. | ||
| 650 | 4 |
_aКомпозитори - биографии _9246095 |
|
| 653 | _aкомпозитори | ||
| 653 | _aбиографии | ||
| 700 | 1 |
_aКюркчиева, Мария _eпрев. от чеш. _9315697 |
|
| 852 |
_aЦб 84333 _bЦб |
||
| 856 | 4 | _qpdf | |
| 856 | 4 | _qpdf | |
| 942 |
_cKNG _n0 |
||
| 944 |
_aCR _c01.07.2011 _lРусанова Ирена _k30542 |
||
| 944 |
_aED _c27.09.2017 _l01.07.2011 - от С1,Р / 01.07.2011 _kВася_Ганчева |
||
| 999 |
_c118475 _d118475 |
||
| 999 | _d118475 | ||